Nákupná barla zákazníka - cenová kotva
Nákupné správanie zákazníka. Barla pre nákupné rozhodovanie - cenová kotva. Ako sa cena stáva cenovou kotvou. Faktory, ktoré vytvárajú cenovú kotvu: cenové faktory, rozpočtové faktory, necenové faktory.
Salvato in:
| Autore principale: | |
|---|---|
| Natura: | Capitolo di libro |
| Lingua: | slovacco |
| Soggetti: | |
| Tags: |
Nessun Tag, puoi essere il primo ad aggiungerne!!
|
MARC
| LEADER | 00000naa a2200000 4500 | ||
|---|---|---|---|
| 001 | 0124579 | ||
| 005 | 20240502072418.0 | ||
| 041 | 0 | |a slo | |
| 044 | |a SK | ||
| 245 | 1 | 0 | |a Nákupná barla zákazníka - cenová kotva |c Katarína Remeňová |
| 520 | |a Nákupné správanie zákazníka. Barla pre nákupné rozhodovanie - cenová kotva. Ako sa cena stáva cenovou kotvou. Faktory, ktoré vytvárajú cenovú kotvu: cenové faktory, rozpočtové faktory, necenové faktory. | ||
| 610 | 2 | 0 | |a obchod |
| 610 | 2 | 0 | |a nákup |
| 610 | 2 | 0 | |a ceny |
| 610 | 2 | 0 | |a zákazníci |
| 610 | 2 | 0 | |a rozhodovanie |
| 610 | 2 | 0 | |a tovar |
| 100 | 1 | |a Remeňová, Katarína, 1982- | |